Foreign Direct Investment in Central and East European Countries State of Affairs, Prospects and Policy Implications
Salvato in:
| Autore principale: | |
|---|---|
| Natura: | Libro |
| Lingua: | inglese |
| Pubblicazione: |
Kiel
Institut für Weltwirtschaft
1994
|
| Serie: | Kiel Working Paper
No.633 |
| Soggetti: | |
| Tags: |
Nessun Tag, puoi essere il primo ad aggiungerne!!
|
MARC
| LEADER | 00000nam a2200000 4500 | ||
|---|---|---|---|
| 001 | c010664 | ||
| 005 | 20250521092935.0 | ||
| 041 | 0 | |a eng | |
| 044 | |a DE | ||
| 245 | 1 | 0 | |a Foreign Direct Investment in Central and East European Countries |b State of Affairs, Prospects and Policy Implications |c Klaus-Dieter Schmidt |
| 264 | 1 | |a Kiel |b Institut für Weltwirtschaft |c 1994 | |
| 300 | |a 22 s. | ||
| 490 | 1 | |a Kiel Working Paper |v No.633 | |
| 830 | 0 | |a Kiel Working Paper |v No.633 | |
| 610 | 2 | 0 | |a investície zahraničné |
| 610 | 2 | 0 | |a stredná Európa |
| 610 | 2 | 0 | |a východná Európa |
| 610 | 2 | 0 | |a teórie ekonomické |
| 100 | 1 | |a Schmidt, Klaus-Dieter | |